000 00837nam a2200217Ia 4500
999 _c19965
_d19965
003 OSt
005 20211018111754.0
008 160316s2000 xxu||||| |||| 00| 0 eng d
020 _a9781840149258
040 _cn
082 _a333.793000
_bGHA
100 _aGhaforr Abdul
245 _aPublic infrastructure performance in developing countries : The case of electric power and telecommunications industries in Pakistan
260 _aAldershot
_bAshgate
_c2000
300 _a234p
_cxix
365 _bRs.4,100
650 _a1. Public Infrastructure Developing - Pakistan.2. Public Utilities - Pakistan.3. Public Utilities - Telecommunitation - Pakistan.
700 _a
_a
856 _uhttps://www.google.co.in/books/edition/Public_Infrastructure_Performance_in_Dev/hFoPEAAAQBAJ?hl=en&gbpv=1&printsec=frontcover
942 _2ddc
_cBK